000 01146nam a2200229 i 4500
001 186614
003 ES-MaACL
005 20240501063101.0
008 161207s1958 sp |||| |dspa d
080 _a821.133.1-4"15"
100 1 _aMontaigne, Michel de,
_d1533-1592
_982329
245 1 0 _aEssais
_b: nouvelle édition conforme au texte de l'exemplaire de Bordeaux /
_cMontaigne ; avec les additions de l'édition posthume, les principales variantes, une introduction, des notes et un index par Maurice Rat.
260 _aParis :
_bGarnier Frères,
_c[1958]
300 _a3 v. (XLIII, 445 p., 578 p., 488 p.) ;
_c19 cm.
490 1 _aClasiques Garnier
500 _aÍndice.
505 8 _aContiene: ;
_tLivre premier: suivi d'un appendice sur Montaigne et La Boétie ;
_tLivre second: suivi d'un appendice sur les sentences inscrites dans la "librairie" de Montaigne ;
_tLivre troisième: suivi d'un appendice sur les livres de Montaigne
700 1 _aRat, Maurice.
_995518
830 0 _aClasiques Garnier
_9225443
852 _aES-MaACL
_jL-31000-02
_z. - Biblioteca Jacinto Martínez Lacalle
999 _c186614
_d186614